Pioneer Investment vstúpil na slovenský trh

Bibliographic Details
Main Author: Kyselý, Ľubor (Author)
Format: Article
Language:Slovak
ISSN:1335-0684
Subjects:

MARC

LEADER 00000nab a2200000 a 4500
001 vtls000774036
003 SK-MaSNL
005 20260303162153.0
008 180206c2001 xo 0 slo
015 |a SNBRB2001/11-33731 
035 |a CLN000125823 
040 |a SNKBUCL  |b slo  |c SNKBUCL  |e AACR2 
041 0 |a slo 
044 |a xo  |c SK 
080 |a 336.714(437.6):336.76  |2 UDC-MRF-SK2 
080 |a 336.76(437.6)  |2 UDC-MRF-SK2 
100 1 |a Kyselý, Ľubor  |4 aut  |9 841326 
245 1 0 |a Pioneer Investment vstúpil na slovenský trh  |c Ľubor Kyselý 
610 2 7 |a Pioneer Investment  |x listy podielové  |2 snkbucl  |9 1185482 
610 2 7 |a Poľnobanka (Slovensko)  |2 snkbucl  |9 852947 
650 0 7 |a otvorené podielové fondy  |2 snkbucl  |9 1185479 
655 7 |a články z novín a časopisov  |2 snkbucl  |9 267496 
773 0 |x 1335-0684  |t Trend  |g Roč. 11, č. 42 (2001), s. 18B 
850 |a Slovenská národná knižnica v Martine 
852 |a SNK  |b KIS3GCP 
958 |a RBX 
999 |c 2052521  |d 2054451